000 00719nam a2200289Ia 4500
005 20260324111951.0
008 008 260324s9999 xx 000 0 eng d
020 _a9781003610670
037 _aEBOOK
040 _aCRL
040 _beng
040 _cCRL
041 _2eng
041 _aeng
084 _qCRL
100 _aMartin Belov
_91088528
245 0 _aRepresentative Democracy in Flux
245 0 _bDeconstructive Narratives from a Legal and Constitutional Perspective
260 _bTaylor and Francis
260 _c2025
365 _a
365 _b230
856 _uhttp://www.taylorfrancis.com/books/9781003610670
942 _cEBOOK
999 _c1729768
_d1729768